| 000 | 00874nas a2200325 4500 | ||
|---|---|---|---|
| 001 | BR9213481 | ||
| 003 | BR-BrBNA | ||
| 005 | 20231205095141.0 | ||
| 007 | ta | ||
| 008 | 230509b bl.|||p| |||| 00| 00por d | ||
| 040 |
_aBR-BrBNA _bpor _cBiblioteca Nacional de Agricultura |
||
| 041 | _a(Pt) | ||
| 072 | _aL73 | ||
| 100 | 1 | _aFreitas, M. do A.Q. de | |
| 100 | 1 | _aMagalhaes, H. | |
| 100 | 1 | _aSantos, J.A. dos | |
| 100 | 1 | _aMedeiros, M.I.M. | |
| 100 | 1 | _aLiberal, M.H.T. | |
| 100 | 1 | _aCosta, C.H.C. | |
| 100 | 1 | _aGoncalves, W.M. | |
| 100 | 1 | _aVollu, E.W. | |
| 245 | 1 | _aSalmonelose dos bezerros | |
| 650 | _aBezerro | ||
| 650 | _aDoenca Animal | ||
| 650 | _aSalmonelose | ||
| 650 | _aPratico | ||
| 773 | 0 |
_tProdutor de Leite (Brazil) _x _g(May-Jun 1991), v. 21(126) p. 38-39 _wBR9213481 |
|
| 909 |
_a202311 _bLúcia _c55 _dLúcia Elande |
||
| 942 |
_2AGRIS _n0 _cANA |
||
| 999 |
_c148921 _d148921 |
||